000 00602nam a2200229Ia 4500
003 OSt
005 20221005130247.0
006 a|||||r|||| 00| 0
007 ta
008 221004b |||||||| |||| 00| 0 eng d
024 _a56509
037 _cTextual
040 _aCRL
_cCRL
_beng
041 _2eng
_aeng
082 _aO32,3N20,20, J3
100 _aKovoor E.M. Au.
_9594547
245 0 _aRandu sthreekalum oru purushanum
260 _c1953
650 _aMALAYALAM LITERATURE
_938866
942 _hO32,3N20,20, J3
_cTEXL
_2cc
999 _c1056609
_d1056609